Devinez le Département Mystère #99 - Statistiques

Statistiques générales
  • Ce quiz a été pris 160 fois
  • Le résultat moyen est 24 sur 36
Statistiques - réponses
Type de Réponse Réponse % Correct
Lettre Trouvée E
100%
Lettre de l'Alphabet R
100%
Lettre Trouvée O
99%
Lettre de l'Alphabet A
98%
Lettre de l'Alphabet I
98%
Lettre de l'Alphabet L
98%
Lettre de l'Alphabet N
98%
Lettre de l'Alphabet T
96%
Lettre de l'Alphabet S
95%
Lettre Trouvée D
94%
Lettre de l'Alphabet V
88%
Lettre de l'Alphabet H
86%
Lettre de l'Alphabet C
85%
Lettre Trouvée U
85%
Lettre Trouvée M
83%
Lettre Trouvée P
72%
Lettre de l'Alphabet B
69%
Lettre de l'Alphabet G
64%
Lettre de l'Alphabet F
58%
Lettre Trouvée Y
58%
Lettre de l'Alphabet J
52%
Lettre de l'Alphabet X
48%
Lettre de l'Alphabet Q
47%
Lettre de l'Alphabet Z
46%
Lettre Bien Placée D
43%
Lettre Bien Placée D
43%
Lettre Bien Placée E
43%
Lettre Bien Placée E
43%
Lettre de l'Alphabet K
43%
Lettre Bien Placée M
43%
Lettre Bien Placée Ô
43%
Lettre Bien Placée P
43%
Département Mystère Puy-de-Dôme
43%
Lettre Bien Placée U
43%
Lettre de l'Alphabet W
43%
Lettre Bien Placée Y
43%
Aucun quiz correspondant
Distribution des résultats
% des personnes avec chaque résultat
Percentile par nombre de réponses
Votre historique - résultats
Vous n’avez pas pris ce quiz